| 000 | 00630nam a22001937a 4500 | ||
|---|---|---|---|
| 999 |
_c167424 _d167424 |
||
| 005 | 20220222142646.0 | ||
| 010 | _aENG-126392 | ||
| 020 |
_a978-93-87324-93-0 _c1080.00 |
||
| 035 | _aEN-109924 | ||
| 037 | _bDBAD/PUB | ||
| 082 | _a954.91 | ||
| 245 |
_aPakistan And The Muslim World/ _cedited by Mathew Joseph C |
||
| 260 |
_bKW Publishers _c2019 _aNew Delhi |
||
| 270 |
_a4676/21,First Floor, Ansari Road Daryaganj _bNew Delhi _e110002 _k+91 11 23263498/43528107 |
||
| 300 |
_aix263p. _c23cm(hb) |
||
| 500 | _aIncludes index and bibliography. | ||
| 700 | _aJoseph C,Mathew | ||
| 942 |
_2ddc _cEN _h954.91 _mPAK |
||